000 00958nam a2200265 a 4500
001 BRCA_6555
005 20190320205512.0
008 300911s1993----pe-a######---#000-0#spa-#
041 _aspa
044 _ape
050 4 _aND2716
_b.F58 1993
100 1 _aFlores Ochoa, Jorge A.
_916354
245 1 0 _aPintura mural en el Sur Andino
_cJorge A. Flores Ochoa, Elizabeth Kuon Arce, Roberto Samanez Argumedo.
260 _aLima, Perú
_bBanco de Crédito del Perú
_c1993
300 _axxii, 359 p.
_bil. (algunas a color)
_c32 cm.
440 0 _aColección Arte y Tesoros del Perú
_916355
500 _aIncluye índice de ilustraciones e índice onomástico y toponímico
500 _aDonación Dra. Elsa Barberena
504 _aBibliografía: p. 327-333
650 1 4 _apintura mural
_xDecoración
_zPerú
_916356
700 1 _aKuon Arce, Elizabeth
_ecoaut.
_916357
700 1 _aSamanez Argumedo, Roberto
_ecoaut.
_916358
902 _aDEB
942 _2lcc
_cB
999 _c6239
_d6239